[Event "IRI-chT 15th"]
[Site "Tehran"]
[Date "2016.08.03"]
[Round "3.2"]
[White "Najafi Khaniabadi, Kiarash"]
[Black "Golizadeh, Asghar"]
[Result "1/2-1/2"]
[WhiteElo "1846"]
[BlackElo "2450"]
[PlyCount "146"]
[EventDate "2016.08.02"]
[EventType "team-tourn"]
[EventRounds "11"]
[EventCountry "IRI"]
[SourceTitle "EXT 2017"]
[Source "ChessBase"]
[SourceDate "2016.10.25"]
[SourceVersion "1"]
[SourceVersionDate "2016.10.25"]
[SourceQuality "1"]
[WhiteTeam "Ahvaz Madrese Paeiz"]
[BlackTeam "Tabriz Shahdari"]
[WhiteTeamCountry "IRI"]
[BlackTeamCountry "IRI"]

1. e4 c5 2. c3 g6 3. d4 cxd4 4. cxd4 d5 5. e5 Nc6 6. Nf3 Bg4 7. Bb5 Rc8 8. Bxc6+ Rxc6 9. Be3 Bg7 10. 0-0 e6 11. Nbd2 Ne7 12. h3 Bxf3 13. Nxf3 0-0 14. Qd2 Qd7 15. Rfc1 Rfc8 16. Rxc6 Nxc6 17. Rc1 f6 18. exf6 Bxf6 19. Nh2 Bg7 20. f4 Ne7 21. Rxc8+ Qxc8 22. g4 Qc4 23. b3 Qb5 24. Nf3 Bf6 25. Ne5 Bxe5 26. fxe5 Nc6 27. Qf2 Qb4 28. Kg2 Qf8 29. h4 Qe8 30. Qf6 h5 31. Kg3 Qf7 32. g5 Ne7 33. Kf3 Nf5 34. Qxf7+ Kxf7 35. Bf2 Ke8 36. Ke2 Kd7 37. Kd3 Kc6 38. Kc3 Kb5 39. a4+ Ka5 40. Be1 Ne7 41. Kb2+ Ka6 42. b4 Nf5 43. Bf2 Kb6 44. Kb3 a6 45. Kc3 Kc6 46. Kb3 Ne7 47. Be3 Nc8 48. Bc1 Nb6 49. Bf4 Nc4 50. Bc1 Nb6 51. Bf4 Nc8 52. Bc1 Ne7 53. Be3 Kb6 54. Kc3 Nc6 55. Kb3 Na7 56. Bd2 Kc6 57. Bc3 Nc8 58. Bd2 Kc7 59. Kc3 Kb6 60. Kb3 Na7 61. Bc3 Kc7 62. Bd2 Kc6 63. Bc3 Kb6 64. Be1 a5 65. b5 Nxb5 66. axb5 Kxb5 67. Bc3 a4+ 68. Ka3 Kc4 69. Ba1 Kb5 70. Bc3 Kc4 71. Ba1 Kb5 72. Bc3 Kc4 73. Ba1 Kb5 1/2-1/2

[Event "Asian Schools-ch 12th U15"]
[Site "Tehran"]
[Date "2016.07.11"]
[Round "1.3"]
[White "Gholami Orimi, Mahdi"]
[Black "Najafi Khaniabadi, Kiarash"]
[Result "1-0"]
[WhiteElo "2128"]
[BlackElo "1846"]
[PlyCount "67"]
[EventDate "2016.07.11"]
[EventType "swiss"]
[EventRounds "9"]
[EventCountry "IRI"]
[SourceTitle "EXT 2024"]
[Source "ChessBase"]
[SourceDate "2023.10.10"]
[SourceVersion "1"]
[SourceVersionDate "2023.10.10"]
[SourceQuality "1"]

1. d4 Nf6 2. c4 g6 3. Nc3 d5 4. cxd5 Nxd5 5. e4 Nxc3 6. bxc3 Bg7 7. Bc4 c5 8. Ne2 Nc6 9. Be3 0-0 10. 0-0 Qc7 11. Rc1 Rd8 12. Qa4 Na5 13. Bd3 e5 14. Rfd1 c4 15. Bb1 Bd7 16. Qa3 Bf8 17. Qb2 f6 18. Rd2 b5 19. f4 Bh6 20. Rf1 Rab8 21. Qc1 Nc6 22. Qe1 Bg4 23. Qh4 Bxe2 24. Rxe2 exd4 25. cxd4 Bg7 26. d5 Na5 27. Rf3 b4 28. Rh3 Bh8 29. e5 f5 30. d6 Qb7 31. g4 b3 32. gxf5 bxa2 33. Bxa2 gxf5 34. Rg2+ 1-0